[Event "Angers op 3rd"]
[Site "Angers"]
[Date "2008.04.27"]
[Round "5"]
[White "Gaillet, Philippe"]
[Black "Parant, Pascal"]
[Result "0-1"]
[WhiteElo "1712"]
[BlackElo "1931"]
[PlyCount "76"]
[EventDate "2008.04.25"]
[EventType "swiss"]
[EventRounds "6"]
[EventCountry "FRA"]
[SourceTitle "CBM 123 Extra"]
[Source "ChessBase"]
[SourceDate "2008.05.06"]
[SourceVersion "1"]
[SourceVersionDate "2008.05.06"]
[SourceQuality "1"]

1. e4 c5 2. Nc3 Nc6 3. f4 g6 4. Nf3 Bg7 5. Bb5 Nd4 6. 0-0 Nxb5 7. Nxb5 a6 8. Nc3 e6 9. d3 d6 10. Qe1 Ne7 11. Qh4 Nc6 12. Qxd8+ Nxd8 13. Na4 b5 14. Nb6 Rb8 15. Nxc8 Rxc8 16. f5 exf5 17. exf5 0-0 18. c3 Nc6 19. Be3 b4 20. d4 bxc3 21. bxc3 cxd4 22. Nxd4 Nxd4 23. Bxd4 Bxd4+ 24. cxd4 Rc2 25. fxg6 hxg6 26. Rf2 Rfc8 27. Rxc2 Rxc2 28. Rb1 Rxa2 29. Rb6 d5 30. Rd6 Ra5 31. Rd8+ Kg7 32. Kf2 Kf6 33. Re8 Ra4 34. Ke3 Ra3+ 35. Kf4 Rd3 36. Rc8 Rxd4+ 37. Kf3 Rc4 38. Rd8 Ke6 0-1

[Event "Angers op 3rd"]
[Site "Angers"]
[Date "2008.04.26"]
[Round "3"]
[White "Gaillet, Philippe"]
[Black "Rabouan, Jean Francois"]
[Result "1/2-1/2"]
[WhiteElo "1712"]
[BlackElo "1953"]
[PlyCount "75"]
[EventDate "2008.04.25"]
[EventType "swiss"]
[EventRounds "6"]
[EventCountry "FRA"]
[SourceTitle "CBM 123 Extra"]
[Source "ChessBase"]
[SourceDate "2008.05.06"]
[SourceVersion "1"]
[SourceVersionDate "2008.05.06"]
[SourceQuality "1"]

1. e4 c6 2. d4 d5 3. Nc3 dxe4 4. Nxe4 Nd7 5. Nf3 Ngf6 6. Ng3 e6 7. Bf4 Qb6 8. Qc1 c5 9. Be3 cxd4 10. Bxd4 Bc5 11. c3 0-0 12. Bd3 e5 13. Bxc5 Nxc5 14. Bc2 Bg4 15. Nd2 Qc6 16. 0-0 Rfe8 17. Re1 e4 18. Nb3 Nxb3 19. Bxb3 Rad8 20. h3 Be6 21. Bc2 Bd5 22. Qe3 b6 23. b3 Qe6 24. Rad1 g6 25. c4 Bb7 26. Rxd8 Rxd8 27. Nxe4 Bxe4 28. Bxe4 Qxe4 29. Qxe4 Nxe4 30. Rxe4 Rd1+ 31. Kh2 Rd2 32. Re7 Rxa2 33. Kg3 Ra3 34. f3 a5 35. Rb7 Rxb3 36. c5 Rc3 37. cxb6 Rb3 38. Rb8+ 1/2-1/2

[Event "Syre Memorial op 30th"]
[Site "Issy les Moulineaux"]
[Date "2007.05.19"]
[Round "5"]
[White "Hadet, Emmanuel"]
[Black "Gaillet, Philippe"]
[Result "1-0"]
[WhiteElo "1985"]
[BlackElo "1560"]
[PlyCount "45"]
[EventDate "2007.05.17"]
[EventType "swiss"]
[EventRounds "6"]
[EventCountry "FRA"]
[SourceTitle "EXT 2008"]
[Source "ChessBase"]
[SourceDate "2007.11.25"]
[SourceVersion "1"]
[SourceVersionDate "2007.11.25"]
[SourceQuality "1"]

1. e4 d5 2. d4 dxe4 3. Nc3 Nf6 4. f3 e6 5. fxe4 Bb4 6. Qd3 Nc6 7. Nf3 0-0 8. Bg5 Be7 9. Qd2 b6 10. a3 Bb7 11. 0-0-0 a6 12. Qe1 b5 13. d5 exd5 14. e5 Nd7 15. Bf4 Re8 16. Nxd5 Bc5 17. Qg3 b4 18. axb4 Be7 19. Bc4 Nxb4 20. Nxb4 Bxb4 21. Ng5 Re7 22. Qh3 h6 23. Nxf7 1-0

[Event "Le Touquet op-B 20th"]
[Site "Le Touquet"]
[Date "2005.10.27"]
[Round "6"]
[White "Eeckhout, Jean Louis"]
[Black "Gaillet, Philippe"]
[Result "1-0"]
[WhiteElo "1760"]
[BlackElo "1550"]
[PlyCount "71"]
[EventDate "2005.10.22"]
[EventType "swiss"]
[EventRounds "9"]
[EventCountry "FRA"]
[SourceTitle "EXT 2006"]
[Source "ChessBase"]
[SourceDate "2005.11.24"]
[SourceVersion "1"]
[SourceVersionDate "2005.11.24"]
[SourceQuality "1"]

1. d4 d5 2. c4 e6 3. Nc3 Nf6 4. Bg5 Be7 5. Nf3 0-0 6. e3 h6 7. Bh4 b6 8. cxd5 Nxd5 9. Bxe7 Qxe7 10. e4 Nxc3 11. bxc3 Bb7 12. Bd3 Nd7 13. 0-0 c5 14. Qe2 Nf6 15. Nd2 Rad8 16. Nb3 cxd4 17. cxd4 Rc8 18. Rac1 Rc7 19. Rxc7 Qxc7 20. f4 Qd7 21. Rf3 Qc6 22. Re3 g6 23. g4 Kg7 24. h3 Rh8 25. Kf2 Ne8 26. Qb2 f6 27. Nd2 a6 28. Be2 Kf7 29. Bf3 Qc7 30. e5 Bxf3 31. Nxf3 f5 32. Rc3 Qb7 33. Qc2 h5 34. gxf5 gxf5 35. Rc6 Ng7 36. Rc7+ 1-0

[Event "Le Touquet op-B 20th"]
[Site "Le Touquet"]
[Date "2005.10.25"]
[Round "4"]
[White "Gaillet, Philippe"]
[Black "Facon, Albert"]
[Result "1-0"]
[WhiteElo "1550"]
[BlackElo "1857"]
[PlyCount "47"]
[EventDate "2005.10.22"]
[EventType "swiss"]
[EventRounds "9"]
[EventCountry "FRA"]
[SourceTitle "EXT 2006"]
[Source "ChessBase"]
[SourceDate "2005.11.24"]
[SourceVersion "1"]
[SourceVersionDate "2005.11.24"]
[SourceQuality "1"]

1. e4 e5 2. Nf3 Nc6 3. d4 exd4 4. Nxd4 Qh4 5. Nc3 Bb4 6. Be2 Nge7 7. Ndb5 Ba5 8. Bd2 a6 9. Na3 Bb6 10. 0-0 0-0 11. Nc4 Ba7 12. Be3 d6 13. Bxa7 Rxa7 14. f4 Ng6 15. Nd5 Qd8 16. f5 Nge7 17. f6 Nxd5 18. fxg7 Re8 19. Qxd5 Qe7 20. Rf3 Qe6 21. Qh5 Qg6 22. Rg3 Qxh5 23. Bxh5 Rxe4 24. Bxf7+ 1-0